| 000 | 01035nam a2200301 i 4500 | ||
|---|---|---|---|
| 003 | DO-SdBNP | ||
| 005 | 20240627083759.0 | ||
| 006 | a||||gr|||| 00| 0 | ||
| 007 | ta | ||
| 008 | 240625t1973 sp ||||| |||| 00| m spa d | ||
| 020 | _a8435900932 | ||
| 040 |
_aDO-SdBNP _bspa _cBNPHU _erda |
||
| 082 | 4 |
_222 _bM379g, 1973 |
|
| 100 | 1 |
_aMartín Duque, Ireneo _eautor _985798 |
|
| 245 | 1 | 0 |
_aGéneros literarios: _biniciación a los estudios de literatura / _cIreneo Martín Duque, Marino Fernández Cuesta. |
| 246 | 1 | 4 |
_aGénero literario, método y práctica: _biniciación a los estudios litrarios. |
| 250 | _a5a. edición | ||
| 264 | 4 |
_aMadrid, España : _bPlayor, _c1973 |
|
| 300 |
_a205 páginas ; _c20 cm. |
||
| 336 |
_2rdacontent _atexto _btxt |
||
| 337 |
_2rdamedia _asin mediación _bn |
||
| 338 |
_2rdacarrier _avolumen _bnc |
||
| 504 | _aBibliografía: página 206. | ||
| 590 | _aInventariado 2024 / MF | ||
| 650 | 4 |
_aLiteratura _xEnseñanza _95023 |
|
| 700 | 1 |
_aFernández Cuesta, Marino, _eautor _985857 |
|
| 942 |
_2ddc _cLBS1 |
||
| 999 |
_c56977 _d56977 |
||